the boy is mine - Ariana Grande (lyrics) - Statistics

General Stats
  • This quiz has been taken 354 times
  • The average score is 226 of 286
Answer Stats
Answer % Correct
I
100%
I,
100%
a
99%
can
97%
me?
96%
me
96%
me,
96%
boy
95%
Boy
95%
boy!
95%
is
95%
is-
95%
mine,
95%
mine
95%
the
95%
The
95%
be
94%
be,
94%
can’t
94%
and
92%
And
92%
to
92%
You
92%
you
92%
in
91%
so
91%
So
91%
it
90%
How
87%
I’m
87%
i’m
87%
try
86%
him
85%
my
85%
My
85%
no
83%
Something
83%
wait
83%
cause
82%
‘Cause
82%
But
81%
but
81%
for
81%
like
81%
Like
81%
time
81%
why
81%
about
80%
usually
80%
come
79%
Baby,
78%
over,
78%
over
78%
(Over)
78%
know
77%
stars,
77%
take
77%
tell
77%
they
76%
made
75%
somebody
75%
what
75%
believe
73%
divine
73%
don’t
73%
mind
73%
unproblematic
72%
get
71%
wanna
71%
Watch
70%
all
69%
Let’s
69%
meant
69%
unsee
69%
just
68%
God
67%
trying,
67%
aligned
66%
there’s
66%
There’s
66%
knows
65%
intertwined
64%
Might
63%
scene
63%
use
63%
denying
62%
"It’s
62%
("It’s
62%
it’s
62%
this
61%
this,
61%
Happens
55%
not
50%
Say,
49%
fine"
47%
fine")
47%
girls,
47%
Promise
47%
reason
47%
situation
46%
always
45%
sticky
45%
gotta
44%
shit,
43%
these
43%
through
42%
Probably
41%
heart,
37%
ignore
37%
life
37%
accountability
36%
simply
35%
dime
34%
on
34%
planned
33%
Please
33%
independant,
32%
news
32%
tears
32%
ain’t
31%
or
30%
wouldn’t
30%
bet
26%
full
26%
No matching quizzes found
Score Distribution
Percent of People with Each Score
Percentile by Number Answered
Your Score History
You have not taken this quiz